[Event "Padova op-B 13th"]
[Site "Padova"]
[Date "2010.12.18"]
[Round "4.8"]
[White "Lavric, Mihail"]
[Black "Zanchetta, Nicola"]
[Result "1-0"]
[WhiteElo "2044"]
[BlackElo "1857"]
[PlyCount "160"]
[EventDate "2010.12.11"]
[EventType "swiss"]
[EventRounds "6"]
[EventCountry "ITA"]
[SourceTitle "EXT 2024"]
[Source "ChessBase"]
[SourceDate "2023.10.10"]
[SourceVersion "1"]
[SourceVersionDate "2023.10.10"]
[SourceQuality "1"]

1. d4 d5 2. c4 e6 3. Nf3 Nf6 4. Nc3 c6 5. e3 Nbd7 6. Bd3 dxc4 7. Bxc4 b5 8. Bd3 Bd6 9. e4 e5 10. 0-0 0-0 11. h3 Bb7 12. Re1 Re8 13. a3 Qc7 14. Be3 a6 15. Rc1 Rad8 16. Qc2 exd4 17. Nxd4 c5 18. Nf5 c4 19. Nd5 Bxd5 20. exd5 cxd3 21. Qxc7 Bxc7 22. Rxc7 Nxd5 23. Ra7 Nxe3 24. Nxe3 d2 25. Rd1 Nc5 26. Rc7 Nb3 27. Rc3 Nd4 28. Kf1 f5 29. Rxd2 f4 30. Nc2 Nxc2 31. Rxd8 Rxd8 32. Rxc2 Rd6 33. Ke2 g5 34. Rc7 h5 35. Rc5 Rg6 36. Kf3 Kg7 37. Ke4 Kh6 38. Kd5 g4 39. h4 f3 40. g3 Rf6 41. b4 Kg6 42. Ke5 Rb6 43. Rc8 a5 44. Kd5 axb4 45. axb4 Rb7 46. Rc6+ Kf7 47. Rh6 Rd7+ 48. Kc6 Rd2 49. Rxh5 Rxf2 50. Rf5+ Ke6 51. Rf4 Ke5 52. Rxg4 Rg2 53. Kxb5 f2 54. Rf4 Rxg3 55. Rxf2 Rh3 56. Rd2 Rxh4 57. Kc5 Ke6 58. b5 Rh1 59. b6 Rc1+ 60. Kb5 Rb1+ 61. Kc6 Rc1+ 62. Kb7 Ra1 63. Kb8 Ke7 64. Rd5 Ra2 65. Kb7 Ke6 66. Rc5 Kd7 67. Rc7+ Kd8 68. Rc4 Ra1 69. Rd4+ Ke7 70. Kb8 Ke8 71. Rd6 Ke7 72. Kc7 Rb1 73. Rc6 Ra1 74. b7 Ra7 75. Kc8 Rxb7 76. Kxb7 Kd7 77. Rh6 Ke7 78. Kc6 Kf7 79. Kd5 Ke7 80. Ra6 Kf7 1-0

[Event "Venice Autumn op 16th"]
[Site "Venice"]
[Date "2010.11.01"]
[Round "5.9"]
[White "Lavric, Mihail"]
[Black "Santolini, Luigi"]
[Result "1-0"]
[WhiteElo "2025"]
[BlackElo "2235"]
[PlyCount "75"]
[EventDate "2010.10.30"]
[EventType "swiss"]
[EventRounds "5"]
[EventCountry "ITA"]
[SourceTitle "EXT 2011"]
[Source "ChessBase"]
[SourceDate "2010.11.26"]
[SourceVersion "1"]
[SourceVersionDate "2010.11.26"]
[SourceQuality "1"]

1. d4 Nf6 2. c4 g6 3. Nc3 Bg7 4. e4 d6 5. f3 0-0 6. Be3 c6 7. Qd2 a6 8. Bd3 b5 9. Nge2 Nbd7 10. 0-0 e5 11. cxb5 axb5 12. a3 Bb7 13. Rad1 exd4 14. Bxd4 Re8 15. Bc2 Ne5 16. Bb3 Qa5 17. Qe3 c5 18. Bxe5 Rxe5 19. Rxd6 c4 20. Bc2 Bf8 21. Rxf6 Bc5 22. Nd4 Qd8 23. Rxg6+ hxg6 24. Nce2 Qb6 25. Kh1 Rd8 26. Rd1 Re7 27. e5 Red7 28. e6 Bxd4 29. exf7+ Kxf7 30. Qg5 Rd5 31. Qf4+ Qf6 32. Qg4 Rg5 33. Qh4 Rh5 34. Bxg6+ Kxg6 35. Nf4+ Qxf4 36. Qxf4 Be5 37. Qg4+ Rg5 38. Qe6+ 1-0

[Event "Venice Autumn op 16th"]
[Site "Venice"]
[Date "2010.10.30"]
[Round "1.27"]
[White "Lavric, Mihail"]
[Black "Zangrando, Gianpietro"]
[Result "1-0"]
[WhiteElo "2025"]
[BlackElo "1822"]
[PlyCount "103"]
[EventDate "2010.10.30"]
[EventType "swiss"]
[EventRounds "5"]
[EventCountry "ITA"]
[SourceTitle "EXT 2011"]
[Source "ChessBase"]
[SourceDate "2010.11.26"]
[SourceVersion "1"]
[SourceVersionDate "2010.11.26"]
[SourceQuality "1"]

1. d4 e6 2. c4 f5 3. Nc3 Nf6 4. g3 c6 5. Bg2 d5 6. cxd5 exd5 7. Nf3 Bd6 8. e3 Qe7 9. 0-0 0-0 10. Qc2 Ne4 11. a3 Nd7 12. b3 Ndf6 13. Bb2 Nxc3 14. Qxc3 Ne4 15. Qc2 Bd7 16. Ne5 Be8 17. f4 Rc8 18. b4 h5 19. Qd1 Rf6 20. Rc1 Rh6 21. b5 Bxa3 22. Bxa3 Qxa3 23. Qe2 Nc3 24. Qd3 Nxb5 25. Qxf5 Qxe3+ 26. Kh1 Nd6 27. Qc2 Rd8 28. Qb2 Nb5 29. Nf3 Qa3 30. Qe2 Bd7 31. Ra1 Qc3 32. Qe7 Re8 33. Qxd7 Rhe6 34. Ne5 R8e7 35. Qd8+ Re8 36. Qg5 Nd6 37. Qxh5 Rh6 38. Qg4 Qxd4 39. Rad1 Qb4 40. Nd3 Qc3 41. Ne5 Rf8 42. Rde1 Nf5 43. Nf3 Ne3 44. Rxe3 Qxe3 45. Re1 Qc3 46. h4 a5 47. Re7 Qf6 48. Rxb7 Ra8 49. Ne5 a4 50. Nxc6 Qa1+ 51. Kh2 a3 52. Ne5 1-0

[Event "Noale Szabados Memorial-A 3rd"]
[Site "Noale"]
[Date "2010.02.08"]
[Round "3"]
[White "Bacchini, Stefano"]
[Black "Lavric, Mihail"]
[Result "1-0"]
[WhiteElo "2081"]
[BlackElo "1982"]
[PlyCount "115"]
[EventDate "2010.02.05"]
[EventType "swiss"]
[EventRounds "5"]
[EventCountry "ITA"]
[SourceTitle "EXT 2022"]
[Source "ChessBase"]
[SourceDate "2021.10.06"]
[SourceVersion "1"]
[SourceVersionDate "2021.10.06"]
[SourceQuality "1"]

1. f4 d5 2. Nf3 Nf6 3. e3 g6 4. Be2 Bg7 5. 0-0 0-0 6. d3 c5 7. Ne5 Nc6 8. Nd2 Nxe5 9. fxe5 Nd7 10. d4 cxd4 11. exd4 Qb6 12. c3 Nxe5 13. Kh1 Nc6 14. Nf3 Bf5 15. Qe1 f6 16. b3 Rae8 17. Qh4 e5 18. Ba3 Rf7 19. Bc5 Qc7 20. Bb5 e4 21. Ng1 a6 22. Be2 Nd8 23. c4 Be6 24. Rac1 Qa5 25. Rc2 Nc6 26. Rd1 Qd8 27. Nh3 Ne7 28. Nf4 Nf5 29. Qf2 Kh8 30. cxd5 Bc8 31. a4 Nd6 32. Rdc1 Bf5 33. Qe3 Bf8 34. g4 Bd7 35. Qh3 Kg7 36. Bxd6 Bxd6 37. Ne6+ Bxe6 38. dxe6 Rfe7 39. d5 Bf4 40. Rf1 g5 41. Rd1 Qb6 42. Rc4 e3 43. Bd3 Kh8 44. b4 Qd6 45. Qf3 Rd8 46. Be2 Kg7 47. h4 h6 48. h5 Qe5 49. Re4 Qd6 50. b5 axb5 51. Bxb5 Qa3 52. Qe2 Qc3 53. Rc4 Qe5 54. Bd7 Qd6 55. Qd3 Qe5 56. d6 Rexd7 57. exd7 Rxd7 58. Qg6+ 1-0

[Event "Senigallia Perini Memorial 3rd"]
[Site "Senigallia"]
[Date "2009.08.09"]
[Round "9"]
[White "Lavric, Mihail"]
[Black "Marsili, Riccardo"]
[Result "1/2-1/2"]
[WhiteElo "1986"]
[BlackElo "1873"]
[PlyCount "94"]
[EventDate "2009.08.01"]
[EventType "swiss"]
[EventRounds "9"]
[EventCountry "ITA"]
[SourceTitle "EXT 2010"]
[Source "ChessBase"]
[SourceDate "2010.11.25"]
[SourceVersion "1"]
[SourceVersionDate "2010.11.25"]
[SourceQuality "1"]

1. d4 Nf6 2. c4 c5 3. d5 e5 4. Nc3 d6 5. e4 Be7 6. Nf3 Nbd7 7. Bd3 Nf8 8. 0-0 Ng6 9. Ne1 0-0 10. f4 exf4 11. Bxf4 Nxf4 12. Rxf4 Nd7 13. Rf1 Ne5 14. Be2 Bg5 15. Nc2 f5 16. b3 Bd7 17. Rb1 Qc8 18. Qe1 f4 19. Qd1 a6 20. Ne1 Rb8 21. a4 Rf7 22. Nf3 Bf6 23. Nxe5 Bxe5 24. Qd3 Qe8 25. Bh5 g6 26. Bf3 b5 27. axb5 axb5 28. Ne2 Ra8 29. Qd2 Ra3 30. Kh1 Qa8 31. Nc1 bxc4 32. bxc4 Qa4 33. Be2 Bc3 34. Qd1 Qxd1 35. Bxd1 Ba4 36. Bg4 Kg7 37. Ne2 Be5 38. Rb6 Bc2 39. Bf3 Bd3 40. Rc1 Ra4 41. h3 Rxc4 42. Rxc4 Bxc4 43. Nc1 Ra7 44. Kh2 Ra1 45. Nb3 Rb1 46. Rb7+ Kf6 47. Nxc5 Rxb7 1/2-1/2

[Event "Milan Palladino Memorial"]
[Site "Milan"]
[Date "2009.04.11"]
[Round "2"]
[White "Lavric, Mihail"]
[Black "Attuati, Stefano"]
[Result "1-0"]
[WhiteElo "1984"]
[BlackElo "1772"]
[PlyCount "43"]
[EventDate "2009.04.10"]
[EventType "swiss"]
[EventRounds "6"]
[EventCountry "ITA"]
[SourceTitle "EXT 2011"]
[Source "ChessBase"]
[SourceDate "2010.11.26"]
[SourceVersion "1"]
[SourceVersionDate "2010.11.26"]
[SourceQuality "1"]

1. d4 f5 2. e4 fxe4 3. Nc3 Nf6 4. f3 d5 5. fxe4 dxe4 6. Bg5 Bf5 7. Bc4 Nbd7 8. Nge2 e6 9. Ng3 h6 10. Bf4 Bd6 11. 0-0 g6 12. Qd2 e5 13. Nxf5 gxf5 14. dxe5 Bxe5 15. Bxe5 Nxe5 16. Qxd8+ Rxd8 17. Bb3 Nf7 18. Rxf5 Ke7 19. Raf1 Rd6 20. Rxf6 Ng5 21. Rxd6 Kxd6 22. h4 1-0

[Event "Conegliano op"]
[Site "Conegliano"]
[Date "2008.06.02"]
[Round "5"]
[White "Dussin, Davide"]
[Black "Lavric, Mihail"]
[Result "0-1"]
[WhiteElo "1893"]
[BlackElo "2009"]
[PlyCount "80"]
[EventDate "2008.05.31"]
[EventType "swiss"]
[EventRounds "6"]
[EventCountry "ITA"]
[SourceTitle "CBM 124 Extra"]
[Source "ChessBase"]
[SourceDate "2008.07.03"]
[SourceVersion "1"]
[SourceVersionDate "2008.07.03"]
[SourceQuality "1"]

1. d4 d5 2. c4 dxc4 3. e3 Nf6 4. Bxc4 e6 5. Nc3 a6 6. Nf3 c5 7. a4 Nc6 8. 0-0 cxd4 9. exd4 Na5 10. Be2 Qc7 11. Bg5 Be7 12. Rc1 Qd8 13. Ne5 0-0 14. Bf3 h6 15. Bh4 Qb6 16. Rc2 Rd8 17. Ne2 Bd7 18. Nxd7 Rxd7 19. Qd3 Rad8 20. Rd1 Qb4 21. Bg3 Qxa4 22. Bc7 Rc8 23. Rdc1 Nb3 24. Be5 Rcd8 25. Rd1 Nc5 26. Qd2 Nce4 27. Qc1 Ng5 28. Rd3 Qb5 29. Rdc3 Nd5 30. Bxd5 Qxd5 31. h4 Ne4 32. Nf4 Qxe5 33. dxe5 Rd1+ 34. Kh2 Rxc1 35. Rxc1 Nxc3 36. Rxc3 Bxh4 37. g3 Bg5 38. Nd3 Be7 39. Rc7 Rxd3 40. Rxe7 Rb3 0-1

[Event "Campodarsego op 17th"]
[Site "Campodarsego"]
[Date "2006.01.22"]
[Round "4"]
[White "Lavric, Mihail"]
[Black "Trangoni, Bruno"]
[Result "0-1"]
[WhiteElo "1996"]
[BlackElo "1954"]
[PlyCount "84"]
[EventDate "2006.01.20"]
[EventType "swiss"]
[EventRounds "5"]
[EventCountry "ITA"]
[SourceTitle "EXT 2007"]
[Source "ChessBase"]
[SourceDate "2006.11.23"]
[SourceVersion "1"]
[SourceVersionDate "2006.11.23"]
[SourceQuality "1"]

1. d4 g6 2. c4 Bg7 3. Nc3 d6 4. Nf3 Nd7 5. g3 e5 6. Bg2 Ne7 7. 0-0 0-0 8. e3 h6 9. Nh4 g5 10. Nf3 f5 11. dxe5 dxe5 12. Qc2 e4 13. Nd4 Ne5 14. b3 c5 15. Nde2 Nd3 16. Ba3 Qa5 17. Bb2 Nc6 18. a3 Nce5 19. f3 exf3 20. Bxf3 Nxf3+ 21. Rxf3 Nxb2 22. Qxb2 f4 23. b4 cxb4 24. axb4 Qc7 25. gxf4 Qxc4 26. Qa2 Be6 27. Qxc4 Bxc4 28. Rd1 Rad8 29. Rxd8 Rxd8 30. f5 Be5 31. e4 Rd2 32. Re3 a6 33. Kf1 b6 34. Kg1 a5 35. bxa5 bxa5 36. Kh1 a4 37. Nxa4 Rxe2 38. Rxe2 Bxe2 39. Kg2 Kf7 40. Nb6 Bd3 41. Kf3 Bxh2 42. Ke3 Bf1 0-1

[Event "Padova Weekend op-B 8th"]
[Site "Padova"]
[Date "2005.12.11"]
[Round "2.18"]
[White "Chiodini, Pietro"]
[Black "Lavric, Mihail"]
[Result "0-1"]
[WhiteElo "1703"]
[BlackElo "1971"]
[PlyCount "82"]
[EventDate "2005.12.10"]
[EventType "swiss"]
[EventRounds "6"]
[EventCountry "ITA"]
[SourceTitle "EXT 2024"]
[Source "ChessBase"]
[SourceDate "2023.10.10"]
[SourceVersion "1"]
[SourceVersionDate "2023.10.10"]
[SourceQuality "1"]

1. e4 c5 2. b4 cxb4 3. d4 e6 4. Bb2 d5 5. Nd2 Be7 6. Bd3 Nc6 7. Ngf3 dxe4 8. Nxe4 Nf6 9. Ne5 a6 10. 0-0 Nxe4 11. Bxe4 Nxe5 12. dxe5 Qxd1 13. Rfxd1 Rb8 14. a4 Bd7 15. a5 Bc6 16. Bd3 0-0 17. Bd4 Rfd8 18. Bb6 Rd5 19. f4 Rc8 20. Bc4 Rxd1+ 21. Rxd1 g6 22. g3 Be4 23. Bd3 Bxd3 24. cxd3 Bc5+ 25. Bxc5 Rxc5 26. Ra1 Rd5 27. Ra4 Rb5 28. Kf2 b3 29. Ra1 Rxa5 30. Rb1 Rb5 31. Ke3 a5 32. Kd4 a4 33. Kc4 Rb6 34. Kc3 Kf8 35. h3 Ke7 36. g4 h5 37. d4 hxg4 38. hxg4 Kd7 39. Kc4 b2 40. Kc5 Rb3 41. Kc4 Kc6 0-1

[Event "Treviso U2100 op"]
[Site "Treviso"]
[Date "2005.12.03"]
[Round "1.6"]
[White "Borsato, Mirko"]
[Black "Lavric, Mihail"]
[Result "0-1"]
[WhiteElo "1613"]
[BlackElo "1971"]
[PlyCount "74"]
[EventDate "2005.12.03"]
[EventType "swiss"]
[EventRounds "5"]
[EventCountry "ITA"]
[SourceTitle "EXT 2024"]
[Source "ChessBase"]
[SourceDate "2023.10.10"]
[SourceVersion "1"]
[SourceVersionDate "2023.10.10"]
[SourceQuality "1"]

1. c3 d5 2. Qc2 Nf6 3. d3 g6 4. Bg5 Bg7 5. Nd2 c5 6. Ngf3 Nc6 7. e4 0-0 8. Be2 b6 9. h3 Bb7 10. g4 Rc8 11. Rd1 a6 12. Rg1 b5 13. Qb1 d4 14. c4 Qc7 15. Bh4 Ne5 16. Nxe5 Qxe5 17. Bg3 Qe6 18. e5 Nd7 19. f4 Qb6 20. g5 f6 21. Bg4 Rcd8 22. gxf6 exf6 23. f5 Nxe5 24. Bxe5 Rde8 25. Ne4 Rxe5 26. fxg6 hxg6 27. Be2 f5 28. Ng5 Rfe8 29. Rd2 Qa5 30. Kd1 Re3 31. a3 Qc7 32. cxb5 Bd5 33. b4 Qe7 34. Qc2 cxb4 35. a4 axb5 36. axb5 b3 37. Qb2 Qb4 0-1

[Event "Veneto-ch qf 65th"]
[Site "Arqua Petrarca"]
[Date "2005.05.14"]
[Round "4.17"]
[White "Lavric, Mihail"]
[Black "Bozzao, Francesco"]
[Result "1-0"]
[WhiteElo "2046"]
[BlackElo "1715"]
[PlyCount "129"]
[EventDate "2005.05.07"]
[EventType "swiss"]
[EventRounds "6"]
[EventCountry "ITA"]
[SourceTitle "EXT 2024"]
[Source "ChessBase"]
[SourceDate "2023.10.10"]
[SourceVersion "1"]
[SourceVersionDate "2023.10.10"]
[SourceQuality "1"]

1. d4 Nf6 2. c4 g6 3. Nc3 Bg7 4. e4 d6 5. Nf3 0-0 6. Be2 a5 7. 0-0 Nbd7 8. Bg5 h6 9. Bh4 e5 10. d5 Nc5 11. Qc2 Qd7 12. Nd2 Ne8 13. h3 f5 14. exf5 Qxf5 15. Qd1 Bd7 16. Bg4 Qf7 17. Bxd7 Nxd7 18. Nde4 g5 19. Bg3 Nef6 20. Qb3 Nxe4 21. Nxe4 b6 22. Qb5 Qf5 23. f3 Nf6 24. Nxf6+ Qxf6 25. Rae1 Qg6 26. Re4 Rfc8 27. h4 Bf6 28. hxg5 hxg5 29. Qd7 Qe8 30. Qf5 Qf7 31. Rg4 Kf8 32. Qe4 Re8 33. Kf2 Ke7 34. f4 gxf4 35. Rxf4 Kd8 36. Rf3 Qg7 37. Kg1 Be7 38. Bh4 Bxh4 39. Qxh4+ Kc8 40. Rf7 Qg8 41. Qh3+ Kb7 42. Qd7 Rac8 43. Qxd6 e4 44. Qc6+ Ka6 45. Qb5+ Kb7 46. d6 Qg3 47. d7 Rg8 48. dxc8Q+ Rxc8 49. Qd5+ Kb8 50. Qxe4 Qd6 51. Qf4 Qc5+ 52. Qf2 Qe5 53. Rf8 Rxf8 54. Qxf8+ Kb7 55. Qf3+ Ka7 56. b3 Qd4+ 57. Qf2 Qd6 58. c5 bxc5 59. Rc1 Kb6 60. g4 c6 61. g5 Kc7 62. Rxc5 Qd1+ 63. Kh2 Qh5+ 64. Kg3 Qg6 65. Qf3 1-0